| 000 | 00482nam a2200193Ia 4500 | ||
|---|---|---|---|
| 005 | 20240823060823.0 | ||
| 008 | 240823s9999||||xx |||||||||||||| ||und|| | ||
| 020 | _a0-07-116468-5 | ||
| 041 | _aENGLISH | ||
| 082 | _A621.3827 Q0 | ||
| 100 | _a"Keiser,Gerd E" | ||
| 245 | 0 | _aOptical Fiber Communications | |
| 250 | _a3rd | ||
| 260 |
_c2010 _bMcGraw Hill Education Private Li |
||
| 500 | _aTRANSFERED | ||
| 650 |
_aOptical Fiber _bElectronics |
||
| 942 | _cBK | ||
| 999 |
_c232046 _d232046 |
||